Mecanismo de transmisión de la política monetaria: marco conceptual /

Sinopsis

Guardat en:
Dades bibliogràfiques
Autor principal: Madrigal Badilla, Jorge
Altres autors: Villalobos Moreno, Lorely, Torres G., Carlos E.
Format: Text
Etiquetes: Afegir etiqueta
Sense etiquetes, Sigues el primer a etiquetar aquest registre!

MARC

LEADER 00000 a a2200000 04500
001 3001
003
040
100 |a Madrigal Badilla, Jorge  
245 |a Mecanismo de transmisión de la política monetaria: marco conceptual /  |c Jorge Madrigal Badilla 
520 |a Sinopsis  
700 |a Villalobos Moreno, Lorely 
700 |a Torres G., Carlos E.  
773 |g volumen 18, número 1; páginas 71-101  
999 |c 24443  |d 24443